Death comes for the archbishop / (Record no. 200468095)

MARC details
000 -LEADER
fixed length control field 01258cam a2200373 i 4500
001 - CONTROL NUMBER
control field 200468095
003 - CONTROL NUMBER IDENTIFIER
control field TR-AnTOB
005 - DATE AND TIME OF LATEST TRANSACTION
control field 20260414085636.0
007 - PHYSICAL DESCRIPTION FIXED FIELD--GENERAL INFORMATION
fixed length control field ta
008 - FIXED-LENGTH DATA ELEMENTS--GENERAL INFORMATION
fixed length control field 260414r19681927nyu 000 1 eng
010 ## - LIBRARY OF CONGRESS CONTROL NUMBER
LC control number 27018771
035 ## - SYSTEM CONTROL NUMBER
System control number 2162510
System control number (TR-AnTOB)200468095
040 ## - CATALOGING SOURCE
Original cataloging agency DLC
Language of cataloging eng
Description conventions rda
Transcribing agency MB
Modifying agency DLC
-- OCoLC
-- TR-AnTOB
041 0# - LANGUAGE CODE
Language code of text/sound track or separate title İngilizce
043 ## - GEOGRAPHIC AREA CODE
Geographic area code n-us-nm
050 04 - LIBRARY OF CONGRESS CALL NUMBER
Classification number PS3505.A87
Item number D4 1968
090 ## - LOCALLY ASSIGNED LC-TYPE CALL NUMBER (OCLC); LOCAL CALL NUMBER (RLIN)
Classification number (OCLC) (R) ; Classification number, CALL (RLIN) (NR) PS3505.A87
Local cutter number (OCLC) ; Book number/undivided call number, CALL (RLIN) D4 1968
100 1# - MAIN ENTRY--PERSONAL NAME
Personal name Cather, Willa,
Dates associated with a name 1873-1947
Relator term author
Relator code aut
9 (RLIN) 153515
245 10 - TITLE STATEMENT
Title Death comes for the archbishop /
Statement of responsibility, etc. Willa Cather.
264 #1 - PRODUCTION, PUBLICATION, DISTRIBUTION, MANUFACTURE, AND COPYRIGHT NOTICE
Place of production, publication, distribution, manufacture New York :
Name of producer, publisher, distributor, manufacturer Alfred A. Knopf,
Date of production, publication, distribution, manufacture, or copyright notice 1968.
300 ## - PHYSICAL DESCRIPTION
Extent 298 pages ;
Dimensions 20 cm
336 ## - CONTENT TYPE
Content type term text
Content type code txt
Source rdacontent
337 ## - MEDIA TYPE
Media type term unmediated
Media type code n
Source rdamedia
338 ## - CARRIER TYPE
Carrier type term volume
Carrier type code nc
Source rdacarrier
650 #0 - SUBJECT ADDED ENTRY--TOPICAL TERM
Topical term or geographic name entry element Clergy
Form subdivision Fiction
9 (RLIN) 36620
651 #0 - SUBJECT ADDED ENTRY--GEOGRAPHIC NAME
Geographic name New Mexico
Form subdivision Fiction
9 (RLIN) 153627
655 #7 - INDEX TERM--GENRE/FORM
Genre/form data or focus term Historical fiction
Source of term lcgft
9 (RLIN) 5021
Non-focus term https://id.loc.gov/authorities/genreForms/gf2014026370
Genre/form data or focus term Christian fiction
Source of term lcgft
9 (RLIN) 5478
Non-focus term https://id.loc.gov/authorities/genreForms/gf2020026050
Genre/form data or focus term Fiction
Source of term lcgft
Authority record control number https://id.loc.gov/authorities/genreForms/gf2014026339
9 (RLIN) 151487
942 ## - ADDED ENTRY ELEMENTS (KOHA)
Source of classification or shelving scheme Library of Congress Classification
Koha item type Book
Holdings
Withdrawn status Lost status Source of classification or shelving scheme Not for loan Collection code Home library Current library Shelving location Date acquired Source of acquisition Inventory number Total Checkouts Full call number Date last seen Copy number Date shelved Koha item type Public note
    Library of Congress Classification Ödünç Verilemez-Kurumiçi kullanım / Not for loan-For inhouse use Genel Koleksiyon Tıp Fakültesi Medikal Kütüphane Tıp Fakültesi Medikal Kütüphane Genel Koleksiyon / Main Collection 18/03/2026 Bağış / Donation İDE   PS3505.A87 D4 1968 TıpFaK 14/04/2026 1 14/04/2026 Book Donated by Prof. Dr. Şükrü Cin
Devinim Yazılım Eğitim Danışmanlık tarafından Koha'nın orjinal sürümü uyarlanarak geliştirilip kurulmuştur.